2023 NFL Draft First Round Picks - Statistics

General Stats
  • This quiz has been taken 97 times
  • The average score is 14 of 31
Answer Stats
Pick Team Position College Player % Correct
1 Carolina Panthers QB Alabama Bryce Young
100%
2 Houston Texans QB Ohio State C.J. Stroud
90%
4 Indianapolis Colts QB Florida Anthony Richardson
81%
3 Houston Texans LB Alabama Will Anderson Jr.
74%
8 Atlanta Falcons RB Texas Bijan Robinson
71%
12 Detroit Lions RB Alabama Jahmyr Gibbs
62%
9 Philadelphia Eagles DT Georgia Jalen Carter
62%
5 Seattle Seahawks CB Illinois Devon Witherspoon
59%
22 Baltimore Ravens WR Boston College Zay Flowers
55%
23 Minnesota Vikings WR USC Jordan Addison
52%
6 Arizona Cardinals OT Ohio State Paris Johnson Jr.
52%
17 New England Patriots CB Oregon Christian Gonzalez
49%
20 Seattle Seahawks WR Ohio State Jaxon Smith-Njigba
49%
25 Buffalo Bills TE Utah Dalton Kincaid
45%
13 Green Bay Packers DE Iowa Lukas Van Ness
43%
18 Detroit Lions LB Iowa Jack Campbell
41%
21 Los Angeles Chargers WR TCU Quentin Johnston
41%
11 Tennessee Titans OT Northwestern Peter Skoronski
38%
7 Las Vegas Raiders DE Texas Tech Tyree Wilson
38%
14 Pittsburgh Steelers OT Georgia Broderick Jones
36%
24 New York Giants CB Maryland Deonte Banks
36%
30 Philadelphia Eagles LB Georgia Nolan Smith
36%
15 New York Jets DE Iowa State Will McDonald IV
35%
16 Washington Commanders CB Mississippi State Emmanuel Forbes
33%
10 Chicago Bears OT Tennessee Darnell Wright
32%
19 Tampa Bay Buccaneers DT Pittsburgh Calijah Kancey
28%
26 Dallas Cowboys DT Michigan Mazi Smith
28%
29 New Orleans Saints DT Clemson Bryan Bresee
25%
28 Cincinnati Bengals DE Clemson Myles Murphy
25%
27 Jacksonville Jaguars OT Oklahoma Anton Harrison
17%
31 Kansas City Chiefs DE Kansas State Felix Anudike-Uzomah
13%
No matching quizzes found
Score Distribution
Percent of People with Each Score
Percentile by Number Answered
Your Score History
You have not taken this quiz